Biblioteca

God and his people (Registro nro. 45771)

Detalles MARC
000 -LÍDER
Campo fijo de descripción fija 01208aam a2200313 4500
001 - NÚMERO DE CONTROL
Campo de control 19406
003 - IDENTIFICADOR DEL NÚMERO DE CONTROL
Campo de control CO-MdFUSB
005 - FECHA Y HORA DE LA ULTIMA TRANSACCIÓN
control field 20180622074830.0
008 - ELEMENTOS DE LONGITUD FIJA -- INFORMACIÓN GENERAL
Campo fijo de descripción fija -- Información general 170508t1986 enk||||f |||| 00| 0 eng d
020 ## - NÚMERO INTERNACIONAL NORMALIZADO PARA LIBROS
Número Internacional Normalizado del libro 0-19-826727-4
040 ## - FUENTE DE CATALOGACIÓN
Agencia de catalogación original CO-MdFUSB
Idioma de catalogación spa
Agencia que realiza la transcripción CO-MdFUSB
Agencia que realiza la modificación CO-MdFUSBC
Convenciones de la descripción rda
041 ## - CÓDIGO DE IDIOMA
Código de idioma para texto/pista de sonido o título separado eng
082 ## - NÚMERO DE CLASIFICACIÓN DECIMAL DEWEY
Número de la edición del Dewey 24
Número de clasificación 231.76
Clave de autor-Numero de item N624g
100 1# - ASIENTO PRINCIPAL--NOMBRE PERSONAL
Nombre personal Nicholson, Ernest W.
Término relacionador autor
245 10 - TÍTULO
Título del Material God and his people
Parte restante del título - Subtitulo : Covenant and theology in the Old Testament
Mención de responsabilidad, etc. / Ernest W. Nicholson
264 #1 - PRODUCCIÓN, PUBLICACIÓN, DISTRIBUCIÓN, MANUFACTURA, Y COPYRIGHT
Lugar de producción, publicación, distribución, manufactura Oxford, England :
Nombre del productor, publicador, distribuidor Clarendon Press,
Fecha de producción, publicación, distribución, manufactura, o copyright ℗1986
264 #4 - PRODUCCIÓN, PUBLICACIÓN, DISTRIBUCIÓN, MANUFACTURA, Y COPYRIGHT
Fecha de producción, publicación, distribución, manufactura, o copyright ©1986
300 ## - DESCRIPCIÓN FÍSICA
Extensión 244 páginas
Otros detalles físicos :
Dimensiones ;
336 ## - TIPO DE CONTENIDO
Fuente rdacontent
Término de tipo de contenido
Código de tipo de contenido
337 ## - TIPO DE MEDIO
Fuente rdamedia
Nombre del tipo de medio
Código del tipo de medio
338 ## - TIPO DE SOPORTE
Fuente rdacarrier
Nombre del tipo de soporte
Código Tipo de soporte
500 ## - NOTA GENERAL
Nota General Incluye índices (p. 233-244)
504 ## - NOTA DE BIBLIOGRAFÍA, ETC.
Nota de bibliografía, etc Bibliografía (p. 218- 231)
505 00 - NOTA DE CONTENIDO
Nota de contenido con formato preestablecido El pacto en un siglo de estudio desde el tiempo de Wellhausen - Una épooca de controversia (1878-1918) - Tratado y pacto - Pacto como una idea teológica - El origen de la alianza entre Dios e Israel: Textos claves - El pacto y el carácter distintivo de la fe de Israel
563 ## - NOTA DE ENCUADERNACIÓN
Nota de encuadernación Pasta dura
653 ## - TÉRMINO DE INDIZACIÓN - NO CONTROLADO
Término no controlado La teología del pacto - enseñanza bíblica
942 ## - TIPO DE MATERIAL (KOHA)
Tipo de Item KOHA Libros General
Existencias
Estado de Material Estado de Perdido Forma de Clasificación Estado de Dañado No para Préstamo Colección Tomo Biblioteca de Origen Biblioteca Permanente Fecha de Adquisición Total de Préstamos Signatura Topográfica Código de Barras Última vez visto Ejemplar/Existencia Fecha de Remplazo Tipo de Material
    Dewey Decimal Classification     Colección General   Biblioteca FUSBC Biblioteca FUSBC 13/04/2015   G 231.76 N624g 19462 12/12/2019 Ej. 1 26/01/2016 Libros General

Biblioteca FUSBC | Teléfono: (57+4) 349 88 10 Ext. 141| WhatsApp (+57) 3005338115 
E-mail: biblioteca@unisbc.edu.co | Calle 76 87-14 Robledo Palenque, Medellín, Colombia

Con tecnología Koha